000 01062nji a22002657a 4500
005 20100831102949.0
006 a|||||r|||||00| 0
007 sd ammalaaahaa
008 100830t xxu||||| |||| 00| 0 eng d
028 _aN 36435
_bHis Master's Voice
035 _aGR-00255
040 _aSED
_cSED
100 _917455
_aKarkare,R N
245 _aTum meri rakhon laj hari /
_cby R N Karkare
_h[sound recording] :
246 _aतुम मेरी रखों लाज हरी / र एन करकरे
260 _aDum Dum, India
_bHis Master's Voice
_cn.d.
300 _a1 sound disc [Gramophone Recording]:
_banalog, 33 1/3 rpm
_c9.5 in. (MP)
_fGramophone Record
500 _aBrief Record
505 _aside 2 सजन घर लागे जौनपुरी ( Sajan ghar laagey jaunpuri )( R N Karkare)
650 _aClassical music
_zIndia
_91186
_xExcerpts
700 _917416
700 _917456
942 _2ddc
_cGR
999 _c43316
_d43316